[Grant of arms to the National Association of Auctioneers, House Agents, Rating Surveyors and Valuers Limited (NAAHARSV) and agreement confirming the amalgamation of the NAAHARSV with the Valuers' Institution Limited] (Record no. 116790)
[ view plain ]
| 000 -LEADER | |
|---|---|
| fixed length control field | 00931ctc a22002175a 4500 |
| 001 - CONTROL NUMBER | |
| control field | L143121 |
| 008 - FIXED-LENGTH DATA ELEMENTS--GENERAL INFORMATION | |
| fixed length control field | 080409i19381949xxk eng u |
| 035 ## - SYSTEM CONTROL NUMBER | |
| System control number | (Sirsi) u143121 |
| 041 ## - LANGUAGE CODE | |
| Language code of text/sound track or separate title | eng |
| 245 01 - TITLE STATEMENT | |
| Title | [Grant of arms to the National Association of Auctioneers, House Agents, Rating Surveyors and Valuers Limited (NAAHARSV) and agreement confirming the amalgamation of the NAAHARSV with the Valuers' Institution Limited] |
| Medium | [manuscript] |
| 260 ## - PUBLICATION, DISTRIBUTION, ETC. | |
| Date of publication, distribution, etc. | 1938 and 1949 |
| 300 ## - PHYSICAL DESCRIPTION | |
| Extent | 2 sheets |
| Other physical details | col. ill., framed |
| Dimensions | 55 x 59 cm. |
| 340 ## - PHYSICAL MEDIUM | |
| Material base and configuration | Manuscript |
| 351 ## - ORGANIZATION AND ARRANGEMENT OF MATERIALS | |
| Hierarchical level | Fonds |
| 500 ## - GENERAL NOTE | |
| General note | The manuscripts are mounted back-to-back in a heavy wooden frame. The Grant of Arms has three seals attached. |
| 610 24 - SUBJECT ADDED ENTRY--CORPORATE NAME | |
| Corporate name or jurisdiction name as entry element | National Association of Auctioneers, House Agents, Rating Surveyors and Valuers |
| 9 (RLIN) | 4989 |
| 610 24 - SUBJECT ADDED ENTRY--CORPORATE NAME | |
| Corporate name or jurisdiction name as entry element | Valuers' Institution |
| 651 ## - SUBJECT ADDED ENTRY--GEOGRAPHIC NAME | |
| Geographic name | United Kingdom |
| Chronological subdivision | |
| 690 ## - LOCAL SUBJECT ADDED ENTRY--TOPICAL TERM (OCLC, RLIN) | |
| Topical term or geographic name as entry element | ABOUT RICS-RELATED ORGANISATIONS |
| 942 ## - ADDED ENTRY ELEMENTS (KOHA) | |
| Suppress in OPAC | 0 |
| Withdrawn status | Lost status | Source of classification or shelving scheme | Damaged status | Not for loan | Home library | Current library | Shelving location | Date acquired | Total Checkouts | Full call number | Barcode | Date last seen | Copy number | Price effective from | Koha item type |
|---|---|---|---|---|---|---|---|---|---|---|---|---|---|---|---|
| Dewey Decimal Classification | London | London | Basement | 09/04/2008 | BASEMENT | 143121-1001 | 06/08/2019 | 1 | 06/08/2019 | Archive |